[Event "Glorney Cup"]
[Site "Dublin"]
[Date "2019.07.24"]
[Round "5"]
[White "Turner, Max N"]
[Black "McIntosh, David"]
[Result "1-0"]
[WhiteElo "2026"]
[BlackElo "1601"]
[PlyCount "69"]
[EventDate "2019.07.22"]
[EventType "team-tourn"]
[EventRounds "5"]
[EventCountry "IRL"]
[SourceTitle "CBM 191 Extra"]
[Source "ChessBase"]
[SourceDate "2019.09.30"]
[SourceVersion "1"]
[SourceVersionDate "2019.09.30"]
[SourceQuality "1"]
[WhiteTeam "England"]
[BlackTeam "Wales"]
[WhiteTeamCountry "ENG"]
[BlackTeamCountry "WLS"]

1. d4 d5 2. c4 dxc4 3. e3 e6 4. Bxc4 c5 5. Nf3 Nf6 6. 0-0 a6 7. a4 Nc6 8. Nc3 Be7 9. dxc5 Qxd1 10. Rxd1 Bxc5 11. h3 0-0 12. e4 e5 13. Bg5 Nd7 14. Rac1 Nd4 15. Be3 Nxf3+ 16. gxf3 Bxe3 17. fxe3 Nb6 18. Bf1 Be6 19. a5 Nc4 20. Bxc4 Bxc4 21. Rd7 Be6 22. Rxb7 Rfb8 23. Rb6 Rxb6 24. axb6 Rb8 25. Nd5 Bxh3 26. Rc7 Kf8 27. b7 Ke8 28. Nb4 Bd7 29. Nxa6 Kd8 30. Nxb8 Kxc7 31. Nxd7 Kxb7 32. Nxe5 f6 33. Nd3 Kc6 34. Kf2 Kb5 35. Nf4 1-0

[Event "Glorney Cup"]
[Site "Dublin"]
[Date "2019.07.22"]
[Round "1"]
[White "McIntosh, David"]
[Black "Klein, Jorik"]
[Result "0-1"]
[WhiteElo "1601"]
[BlackElo "1801"]
[PlyCount "138"]
[EventDate "2019.07.22"]
[EventType "team-tourn"]
[EventRounds "5"]
[EventCountry "IRL"]
[SourceTitle "CBM 191 Extra"]
[Source "ChessBase"]
[SourceDate "2019.09.30"]
[SourceVersion "1"]
[SourceVersionDate "2019.09.30"]
[SourceQuality "1"]
[WhiteTeam "Wales"]
[BlackTeam "Netherlands"]
[WhiteTeamCountry "WLS"]
[BlackTeamCountry "NED"]

1. d4 Nf6 2. c4 g6 3. Nc3 Bg7 4. e4 d6 5. Nf3 0-0 6. Be2 e5 7. 0-0 Nc6 8. d5 Ne7 9. b4 a5 10. Ba3 Re8 11. c5 axb4 12. Bxb4 dxc5 13. Bxc5 c6 14. dxc6 Nxc6 15. Qxd8 Rxd8 16. Bb6 Rf8 17. Bc4 Na5 18. Bb5 Bd7 19. Rab1 Bxb5 20. Rxb5 Nc6 21. Bc7 Ra3 22. Rc1 Nd4 23. Nxd4 exd4 24. Nd5 Nxe4 25. f3 Nc3 26. Nxc3 Rxc3 27. Rxc3 dxc3 28. Be5 c2 29. Bf4 Rc8 30. Bc1 Rd8 31. Bf4 Rd1+ 32. Kf2 c1Q 33. Bxc1 Rxc1 34. Rxb7 Rc2+ 35. Kg3 Rxa2 36. Rb8+ Bf8 37. Rb7 Bd6+ 38. Kh3 Ra5 39. g3 Ra2 40. Rb3 Bc5 41. Rb1 Rf2 42. f4 h5 43. Rh1 Be7 44. Re1 Bf6 45. Re4 Kg7 46. Rc4 Be7 47. Ra4 f6 48. Rc4 Kf7 49. Re4 Bd6 50. Rd4 Ke6 51. Re4+ Kf5 52. Rd4 Bxf4 53. gxf4 Rxf4 54. Rd5+ Ke4 55. Ra5 Rf2 56. Ra4+ Kf5 57. Kg3 Re2 58. Ra5+ Re5 59. Ra3 g5 60. h3 h4+ 61. Kf2 Re4 62. Kg2 Kf4 63. Rf3+ Ke5 64. Rb3 f5 65. Kf3 g4+ 66. hxg4 fxg4+ 67. Kg2 Kf4 68. Rc3 Re2+ 69. Kf1 Re3 0-1

[Event "WLS-ch Major 65th"]
[Site "Cardiff"]
[Date "2019.04.19"]
[Round "1"]
[White "McIntosh, David"]
[Black "Fox, Chris"]
[Result "1-0"]
[WhiteElo "1484"]
[BlackElo "1685"]
[PlyCount "81"]
[EventDate "2019.04.19"]
[EventType "swiss"]
[EventRounds "7"]
[EventCountry "WLS"]
[SourceTitle "CBM 190 Extra"]
[Source "ChessBase"]
[SourceDate "2019.07.15"]
[SourceVersion "1"]
[SourceVersionDate "2019.07.15"]
[SourceQuality "1"]

1. d4 Nf6 2. c4 e6 3. Nc3 Bb4 4. Qc2 c5 5. e3 cxd4 6. exd4 0-0 7. Nf3 d5 8. Bd2 Nc6 9. a3 Be7 10. c5 Bd7 11. b4 Qc7 12. b5 Nd8 13. Bd3 Re8 14. 0-0 g6 15. a4 Bf8 16. a5 Qc8 17. a6 bxa6 18. Rxa6 Ne4 19. c6 Bxc6 20. bxc6 Nxd2 21. Qxd2 Nxc6 22. Bb5 Nb4 23. Ra4 Rd8 24. Rc1 Qb8 25. Ne5 a5 26. Nd7 Qd6 27. Nxf8 Rxf8 28. Rca1 Qb6 29. Bf1 Rfc8 30. Na2 Rab8 31. Nxb4 axb4 32. Ra6 Qc7 33. Ra7 Qc3 34. Qf4 Rf8 35. Rc1 Qxc1 36. Qxc1 b3 37. Qb2 Rfc8 38. Bd3 Rc6 39. Ra3 Rcb6 40. h3 Rb4 41. Be2 1-0

[Event "BCF-chT4S 1819 (4NCL)"]
[Site "England"]
[Date "2019.04.13"]
[Round "7.115"]
[White "Joian, Danut"]
[Black "McIntosh, David"]
[Result "1/2-1/2"]
[WhiteElo "1787"]
[BlackElo "1484"]
[PlyCount "113"]
[EventDate "2018.11.17"]
[EventType "team-swiss"]
[EventRounds "11"]
[EventCountry "ENG"]
[SourceTitle "EXT 2021"]
[Source "ChessBase"]
[SourceDate "2020.10.23"]
[SourceVersion "1"]
[SourceVersionDate "2020.10.23"]
[SourceQuality "1"]
[WhiteTeam "Banbury Bulldogs"]
[BlackTeam "West is Best IV"]
[WhiteTeamCountry "ENG"]
[BlackTeamCountry "ENG"]

1. d4 d5 2. Nc3 Nf6 3. Bf4 c6 4. e3 Bf5 5. f3 e6 6. g4 Bg6 7. h4 h5 8. g5 Nfd7 9. Bd3 Bxd3 10. Qxd3 g6 11. e4 Bg7 12. exd5 cxd5 13. Nb5 e5 14. Nd6+ Kf8 15. dxe5 Nxe5 16. Qxd5 Qe7 17. 0-0-0 Nbc6 18. Nh3 Qe6 19. Qxe6 fxe6 20. Nxb7 Nxf3 21. Nc5 e5 22. Rhf1 Nxh4 23. Bxe5+ Nf5 24. Ne6+ Kg8 25. Bxg7 Nxg7 26. Nxg7 Kxg7 27. Rd7+ Kg8 28. Rd6 Ne7 29. Nf4 Kg7 30. Re1 Rhe8 31. Ree6 Kg8 32. Nxg6 Nf5 33. Rxe8+ Rxe8 34. Rd7 h4 35. Rd3 Re1+ 36. Kd2 Rh1 37. Nf4 Rh2+ 38. Kc3 Ng3 39. Rd8+ Kg7 40. Rd7+ Kg8 41. g6 Ne4+ 42. Kd4 Rd2+ 43. Nd3 Ng5 44. Ke3 Rxc2 45. Nf4 Rc6 46. Rd5 Ne6 47. Nh5 Rc5 48. Rxc5 Nxc5 49. Kf4 Nd3+ 50. Kg5 h3 51. Kh6 h2 52. Nf6+ Kf8 53. g7+ Ke7 54. g8Q h1Q+ 55. Nh5 Qc6+ 56. Qg6 Qxg6+ 57. Kxg6 1/2-1/2

[Event "South Wales Autumn Premier"]
[Site "Newport"]
[Date "2018.11.18"]
[Round "4"]
[White "McIntosh, David"]
[Black "Macarthur, Duncan M"]
[Result "0-1"]
[WhiteElo "1394"]
[BlackElo "1742"]
[PlyCount "90"]
[EventDate "2018.11.16"]
[EventType "swiss"]
[EventRounds "5"]
[EventCountry "WLS"]
[SourceTitle "EXT 2020"]
[Source "ChessBase"]
[SourceDate "2019.10.17"]
[SourceVersion "1"]
[SourceVersionDate "2019.10.17"]
[SourceQuality "1"]

1. d4 Nf6 2. c4 g6 3. Nc3 d5 4. cxd5 Nxd5 5. e4 Nb6 6. Be3 Bg7 7. Nf3 0-0 8. Be2 c6 9. 0-0 N8d7 10. e5 Nd5 11. Nxd5 cxd5 12. Ng5 Nb6 13. f4 Nc4 14. Bc1 Qb6 15. b3 Na5 16. Ba3 Nc6 17. Bc5 Qd8 18. Nf3 Bf5 19. Nh4 Be4 20. f5 Re8 21. fxg6 hxg6 22. Bf3 b6 23. Ba3 e6 24. g3 Rc8 25. Qd2 g5 26. Ng2 Bg6 27. Bc1 f6 28. exf6 Bxf6 29. Bb2 Qe7 30. h4 Qg7 31. h5 Bh7 32. Rad1 Ne7 33. Ne3 Nf5 34. Nxf5 Bxf5 35. Rc1 g4 36. Bxd5 Rxc1 37. Qxc1 Bxd4+ 38. Bxd4 Qxd4+ 39. Kh2 Qxd5 40. Qg5+ Kh7 41. h6 Qe5 42. Qd2 Qf6 43. Rh1 Rd8 44. Qg2 Qxh6+ 45. Kg1 Rd1+ 0-1

[Event "South Wales Autumn Premier"]
[Site "Newport"]
[Date "2018.11.18"]
[Round "5"]
[White "Williams, Stephen"]
[Black "McIntosh, David"]
[Result "1-0"]
[WhiteElo "1626"]
[BlackElo "1394"]
[PlyCount "99"]
[EventDate "2018.11.16"]
[EventType "swiss"]
[EventRounds "5"]
[EventCountry "WLS"]
[SourceTitle "EXT 2020"]
[Source "ChessBase"]
[SourceDate "2019.10.17"]
[SourceVersion "1"]
[SourceVersionDate "2019.10.17"]
[SourceQuality "1"]

1. d4 Nf6 2. c4 g6 3. Nc3 d5 4. cxd5 Nxd5 5. e4 Nxc3 6. bxc3 Bg7 7. Be3 c5 8. Bc4 0-0 9. Ne2 cxd4 10. cxd4 e6 11. 0-0 Nc6 12. Qd2 a6 13. Rac1 Na5 14. Bd3 b5 15. Bh6 Bb7 16. Bxg7 Kxg7 17. f4 Nc4 18. Qe1 Rc8 19. f5 exf5 20. exf5 Qd5 21. f6+ Kg8 22. Qg3 Ne3 23. Rf2 Rxc1+ 24. Nxc1 Qxd4 25. Rf4 Qb6 26. Qf2 Nd5 27. g4 Qxf2+ 28. Rxf2 Rc8 29. Ne2 Rd8 30. g5 Nb4 31. Bb1 Rd1+ 32. Rf1 Rxf1+ 33. Kxf1 Bd5 34. Nc3 Be6 35. Kf2 h5 36. h4 Kf8 37. Ke3 Nd5+ 38. Nxd5 Bxd5 39. Kd4 Bc4 40. a4 Bf1 41. a5 Bc4 42. Kc5 Ke8 43. Be4 Be2 44. Bb7 b4 45. Kxb4 Kd7 46. Kc5 Bf1 47. Kb6 Ke6 48. Bxa6 Bg2 49. Bc4+ Kf5 50. Bxf7 1-0